000 00641cam a22002053a 4500
001 41369
003 PGUSA
005 20140828083930.0
008 121116s2012||||xxu|||||s|||||000 | eng d
040 _aPGUSA
_beng
042 _adc
100 1 _aGrundy, Sydney
245 1 0 _aIn Honour Bound :
_bAn Original Play, in One Act. (Suggested by Scribe's Five Act Comedy, "Une Chaine.")
_h[electronic resource] /
_cSydney Grundy
260 _bProject Gutenberg,
_c2012
506 _aPublic domain in the USA.
516 _aElectronic text
830 0 _aProject Gutenberg
_v41369
856 4 0 _uhttp://www.gutenberg.org/ebooks/41369
942 _cEB
999 _c270621
_d270621